| 000 | 00000nam 2200000zi 4500 |
| 001 | 9.916017 |
| 003 | CaOODSP |
| 005 | 20230404113827 |
| 006 | m o d f |
| 007 | cr cn||||||||| |
| 008 | 221007t20222022onc |o f000 0 eng d |
| 020 | |a9780660457451 |
| 040 | |aCaOODSP|beng|erda|cCaOODSP |
| 043 | |an-cn--- |
| 086 | 1 |aP54-3/2022E-2-PDF |
| 245 | 00|aClient service feedback survey, #002. |
| 264 | 1|aOttawa, Ontario : |bPublic Services and Procurement Canada, |c2022. |
| 264 | 4|c©2022 |
| 300 | |a1 online resource (46 pages) + |eexecutive summary (3 pages) |
| 336 | |atext|btxt|2rdacontent |
| 337 | |acomputer|bc|2rdamedia |
| 338 | |aonline resource|bcr|2rdacarrier |
| 500 | |aIssued also in French under title: Sondage sur la rétroaction du service à la clientèle, #002. |
| 500 | |aCover title. |
| 500 | |a"Contract number: EP082-212778/001/CY" |
| 500 | |a"Registration number: POR 130-20." |
| 500 | |a"Prepared for: Public Services and Procurement Canada, Pension Excellence Sector" |
| 650 | 0|aConsumer satisfaction|zCanada|xPublic opinion. |
| 650 | 0|aPublic opinion|zCanada. |
| 710 | 1 |aCanada. |bPublic Services and Procurement Canada, |eissuing body. |
| 710 | 2 |aAdvanis (Firm), |econsultant. |
| 775 | 08|tSondage sur la rétroaction du service à la clientèle, #002.|w(CaOODSP)9.916018 |
| 794 | |tClient service feedback survey - #003 : |w(CaOODSP)9.919289 |
| 795 | |tClient service feedback survey, 2021-2022. |w(CaOODSP)9.912853 |
| 856 | 40|qPDF|s905 KB|uhttps://publications.gc.ca/collections/collection_2022/spac-pspc/P54-3-2022-eng-2.pdf|zReport |
| 856 | 40|qPDF|s329 KB|uhttps://publications.gc.ca/collections/collection_2022/spac-pspc/P54-3-2022-eng-2-1.pdf|zExecutive summary |